000 00826nam a2200253 a 4500
999 _c2328
_d2328
008 200306s2012 ii ad||| m|||a00| 0 eng d
040 _aKO
_beng
041 0 _aeng
044 _aii
082 0 4 _223
_a378.242
_bPRM1020
100 1 _aR, Rahul
_eResearcher
245 1 2 _aA Study on Cashew Exports Through Cochin Port /
_cRahul R ; Guide Lekha Ravi
260 _aKochi :
_bIndian Maritime University,
_c2012
300 _av , 54 p. :
_bill., charts ;
_c29 cm.
490 0 _aMBA Project 2010-12 ;
_v1024217222
502 _aProject (MBA)–Indian Maritime University. School of Maritime Management, 2012.
650 0 _aCashew nut industry
650 0 _aForeign trade regulation
655 7 _2lcsh
_aDissertations, Academic
_y2012
700 1 _aRavi, Lekha
_cDr.
_eGuide
904 _aReshma_R
942 _cTH